Riconosci la Squadra di calcio - Quiz n°65 - Statistics

Statistiche generali
  • Questo quiz è stato fatto 11 volte
  • Il punteggio medio è 7 su 9
Statistiche sulle risposte
Indizio Risposta % Corretto
Titoli nazionali 0
100%
Confederazione UEFA
100%
Colori sociali Verde, rosso, bianco
100%
Trofei nazionali 0
89%
Divisione nazionale 2023-2024 Prima
89%
Trofei internazionali 0
67%
Fondazione 1907
56%
Capienza Stadio 28 400 posti
56%
Squadra Augsburg
11%
Nessun quiz corrispondente trovato
Distribuzione punteggi
Percentuale di utenti per punteggio
Percentile per numero di risposta
I tuoi punteggi nel tempo
Non hai fatto questo quiz